BIBLIOTECA

SENCICO

Seminário Internacional sobre Fomaçao Profissional Comparada na América Latina (Registro nro. 359)

Detalles MARC
000 -LEADER
fixed length control field 00655nam a2200229Ia 4500
005 - DATE AND TIME OF LATEST TRANSACTION
control field 20251020182435.0
008 - FIXED-LENGTH DATA ELEMENTS--GENERAL INFORMATION
fixed length control field 200515s9999 xx 000 0 und d
082 ## - DEWEY DECIMAL CLASSIFICATION NUMBER
Classification number 377.4/D69
100 ## - MAIN ENTRY--PERSONAL NAME
Personal name DIAZ FERNANDEZ, Osvaldo E.
245 #0 - TITLE STATEMENT
Title Seminário Internacional sobre Fomaçao Profissional Comparada na América Latina
260 ## - PUBLICATION, DISTRIBUTION, ETC.
Place of publication, distribution, etc. São Paulo
260 ## - PUBLICATION, DISTRIBUTION, ETC.
Name of publisher, distributor, etc. INFOTEP
260 ## - PUBLICATION, DISTRIBUTION, ETC.
Date of publication, distribution, etc. 1984
300 ## - PHYSICAL DESCRIPTION
Extent 72
300 ## - PHYSICAL DESCRIPTION
Other physical details tbl.
500 ## - GENERAL NOTE
General note 1 ejemplar
520 ## - SUMMARY, ETC.
Summary, etc. Aspectos considerados para el desarrollo de la formación profesional en América Latina.
650 ## - SUBJECT ADDED ENTRY--TOPICAL TERM
Topical term or geographic name entry element ADMINISTRACION
650 ## - SUBJECT ADDED ENTRY--TOPICAL TERM
Topical term or geographic name entry element FORMACION PROFESIONAL
942 ## - ADDED ENTRY ELEMENTS (KOHA)
Koha item type Libros
Existencias
Fecha de la última vez que lo usaron Pago total Signatura topográfica completa Código de barras Precio efectivo desde Tipo de documento Estado perdido Estado dañado No es para préstamo Retirado Ubicación permanente Ubicación actual Fecha de adquisición
15/05/2020   377.4/D69 Bib-Lima15050359 15/05/2020 Libros         Biblioteca Central Lima Biblioteca Central Lima 15/05/2020